Nejvyšší tajemství intimity a stvoření : praktický metafyzický průvodce pro léčení rodové linie a uvolnění karmických zátěží pro současné i budoucí generace /

Main Author: Levry, Joseph Michael
Other Authors: Kolihová, Kateřina
Language: Czech
Published: [Praha] : Institut vědomí s.r.o., [2021]
Edition: První české vydání
Subjects:
Physical Description: xx, 480 stran : ilustrace ; 22 cm
Book
Saved in:
LEADER 02649nam a2200697 i 4500
001 nkc20213328176
003 CZ PrNK
005 20210809134810.0
007 ta
008 210615s2021 xr a e f 000 0 cze
015 |a cnb003328176 
020 |a 978-80-908243-0-0  |q (brožováno) 
035 |a (OCoLC)1267679354 
040 |a OLA001  |b cze  |e rda 
041 1 |a cze  |h eng 
072 7 |a 615.8  |x Fyzioterapie. Psychoterapie. Alternativní lékařství  |2 Konspekt  |9 14 
080 |a 612.663  |2 MRF 
080 |a 612.63  |2 MRF 
080 |a 613  |2 MRF 
080 |a 618.6/.7  |2 MRF 
080 |a 173.5-055.52  |2 MRF 
080 |a 129  |2 MRF 
080 |a 316.614.5-025.12  |2 MRF 
080 |a 615.852+615.851.8  |2 MRF 
080 |a (0.062)  |2 MRF 
100 1 |a Levry, Joseph Michael  |7 mzk2017955811  |4 aut 
240 1 0 |a Ultimate secrets of intimacy and creation.  |l Česky 
245 1 0 |a Nejvyšší tajemství intimity a stvoření :  |b praktický metafyzický průvodce pro léčení rodové linie a uvolnění karmických zátěží pro současné i budoucí generace /  |c Joseph Michael Levry ; z anglického originálu Ultimate secrets of intimacy and creation přeložila Kateřina Kolihová 
250 |a První české vydání 
264 1 |a [Praha] :  |b Institut vědomí s.r.o.,  |c [2021] 
300 |a xx, 480 stran :  |b ilustrace ;  |c 22 cm 
336 |a text  |b txt  |2 rdacontent 
337 |a bez média  |b n  |2 rdamedia 
338 |a svazek  |b nc  |2 rdacarrier 
500 |a Na titulní stránce uvedeno původní nakladatelství: Rootlight 
650 0 7 |a plodnost  |7 ph124122  |2 czenas 
650 0 7 |a těhotenství  |7 ph126830  |2 czenas 
650 0 7 |a životospráva  |7 ph128035  |2 czenas 
650 0 7 |a porod  |7 ph124364  |2 czenas 
650 0 7 |a šestinedělí  |7 ph127799  |2 czenas 
650 0 7 |a rodičovství  |7 ph138908  |2 czenas 
650 0 7 |a karma  |7 ph121478  |2 czenas 
650 0 7 |a rodinné konstelace  |7 ph257869  |2 czenas 
650 0 7 |a duchovní léčení  |7 ph135727  |2 czenas 
650 0 9 |a fertility  |2 eczenas 
650 0 9 |a pregnancy  |2 eczenas 
650 0 9 |a health behavior  |2 eczenas 
650 0 9 |a childbirth  |2 eczenas 
650 0 9 |a puerperium  |2 eczenas 
650 0 9 |a parenting  |2 eczenas 
650 0 9 |a Karma  |2 eczenas 
650 0 9 |a family constellations  |2 eczenas 
650 0 9 |a spiritual healing  |2 eczenas 
655 7 |a populárně-naučné publikace  |7 fd131864  |2 czenas 
655 9 |a popular works  |2 eczenas 
700 1 |a Kolihová, Kateřina  |7 mzk2017955815  |4 trl 
910 2 |a BOA001  |b 2-1466.715 
990 |a BK 
995 |a 01 
991 |b 202107  |c NOV 
996 6 |b 2610872320  |c 2-1466.715  |l MZK  |r Sklad / do 1 hodiny  |n 0  |p p.v.  |w 001858079  |u 000010  |a 1  |e BOA001  |j MZK50  |s P